| 000 | 01251nam a22002777a 4500 | ||
|---|---|---|---|
| 005 | 2012051404344.0 | ||
| 010 | _aENG-105263 B-489967 | ||
| 020 |
_a9788120345683 _c350.00 |
||
| 035 | _aEN-88796 B-489967 | ||
| 037 | _bDBAD / PUB | ||
| 037 | _bK.K.Pub/Ven | ||
| 082 | _a660.281 | ||
| 100 |
_aJana, Amiya K. _955217 |
||
| 245 |
_aProcess simulation and control using Aspen / _cby Amiya K. Jana |
||
| 250 | _a2nd ed | ||
| 260 |
_aNew Delhi _bPHI Learning _c2012 |
||
| 270 |
_aM-97, Connaught Circus _bNew Delhi _e110001 |
||
| 300 |
_axv,359p. _c24cm(pbk) |
||
| 500 | _aIncludes bibliographical references and index. | ||
| 650 |
_aChemical processes _xData processing _955218 |
||
| 650 |
_aChemical process control _xSimulation methods _955219 |
||
| 942 |
_2ddc _cEN _mJAN _h660.281 |
||
| 999 |
_c66588 _d66588 |
||